| 000 | 00439nam a2200121Ia 4500 | ||
|---|---|---|---|
| 008 | 220621s9999||||xx |||||||||||||| ||und|| | ||
| 245 | 0 | _aTheory, Application, and Implementation of Monte Carlo Method in Science and Technology | |
| 546 | _aEnglish[eng] | ||
| 650 | _aComputer modelling & simulation | ||
| 700 | _aSaidi Bidokhti, Pooneh | ||
| 856 | _uhttps://mts.intechopen.com/storage/books/8190/authors_book/authors_book.pdf | ||
| 942 | _cEB | ||
| 999 |
_c36499 _d36499 |
||